The Routledge Handbook of Comparative Economic Systems (Record no. 92791)

MARC details
000 -LEADER
fixed length control field 02465namaa2200481uu 4500
001 - CONTROL NUMBER
control field doab94696
003 - CONTROL NUMBER IDENTIFIER
control field oapen
005 - DATE AND TIME OF LATEST TRANSACTION
control field 20260305123947.0
006 - FIXED-LENGTH DATA ELEMENTS--ADDITIONAL MATERIAL CHARACTERISTICS
fixed length control field m o d
007 - PHYSICAL DESCRIPTION FIXED FIELD--GENERAL INFORMATION
fixed length control field cr|mn|---annan
008 - FIXED-LENGTH DATA ELEMENTS--GENERAL INFORMATION
fixed length control field 221209s2023 xx |||||o ||| 0|eng d
020 ## - INTERNATIONAL STANDARD BOOK NUMBER
International Standard Book Number 9780367700454
020 ## - INTERNATIONAL STANDARD BOOK NUMBER
International Standard Book Number 9780367700478
020 ## - INTERNATIONAL STANDARD BOOK NUMBER
International Standard Book Number 9781003144366
020 ## - INTERNATIONAL STANDARD BOOK NUMBER
International Standard Book Number 9781003144366
024 7# - OTHER STANDARD IDENTIFIER
Standard number or code 10.4324/9781003144366
Source of number or code doi
040 ## - CATALOGING SOURCE
Original cataloging agency oapen
Transcribing agency oapen
041 0# - LANGUAGE CODE
Language code of text/sound track or separate title eng
042 ## - AUTHENTICATION CODE
Authentication code dc
072 #7 - SUBJECT CATEGORY CODE
Subject category code KC
Source bicssc
072 #7 - SUBJECT CATEGORY CODE
Subject category code KCA
Source bicssc
072 #7 - SUBJECT CATEGORY CODE
Subject category code KCL
Source bicssc
245 00 - TITLE STATEMENT
Title The Routledge Handbook of Comparative Economic Systems
260 ## - PUBLICATION, DISTRIBUTION, ETC.
Name of publisher, distributor, etc. Taylor & Francis
Date of publication, distribution, etc. 2023
300 ## - PHYSICAL DESCRIPTION
Extent 1 online resource (782 p.)
336 ## - CONTENT TYPE
Content type term text
Content type code txt
Source rdacontent
337 ## - MEDIA TYPE
Media type term computer
Media type code c
Source rdamedia
338 ## - CARRIER TYPE
Carrier type term online resource
Carrier type code cr
Source rdacarrier
506 0# - RESTRICTIONS ON ACCESS NOTE
Terms governing access Free-to-read
Standardized terminology for access restriction Unrestricted online access
Source of term star
520 ## - SUMMARY, ETC.
Summary, etc. The 2020 pandemic and likely even more the renewed East-West clash epitomized by the Russian invasion of Ukraine and the West's reaction to it. The handbook is divided into five parts. Each part deals with an issue of relevance for the discipline. The first and second parts look at the subject, content and approach of the discipline and its comparative method. The third part looks at the idiosyncratic nature of different economic systems and their constituent elements. The fourth part considers the outcomes that different economic systems generate and how these outcomes change following the evolution and transformation of economic systems. The last part takes stock and looks ahead at the challenges, from a theoretical and applied perspective, and the exogenous and endogenous factors promoting the advancement of the discipline, including the interaction between and competition among varied approaches and opposing paradigms.
540 ## - TERMS GOVERNING USE AND REPRODUCTION NOTE
Terms governing use and reproduction All rights reserved
Uniform Resource Identifier <a href="http://oapen.org/content/about-rights">http://oapen.org/content/about-rights</a>
546 ## - LANGUAGE NOTE
Language note English
650 #7 - SUBJECT ADDED ENTRY--TOPICAL TERM
Topical term or geographic name entry element Economic theory and philosophy
Source of heading or term bicssc
650 #7 - SUBJECT ADDED ENTRY--TOPICAL TERM
Topical term or geographic name entry element Economics
Source of heading or term bicssc
650 #7 - SUBJECT ADDED ENTRY--TOPICAL TERM
Topical term or geographic name entry element International economics
Source of heading or term bicssc
653 ## - INDEX TERM--UNCONTROLLED
Uncontrolled term economics; international economics; economic theory & philosophy
720 1# - ADDED ENTRY--UNCONTROLLED NAME
Name Dallago, Bruno
Relationship edt
720 1# - ADDED ENTRY--UNCONTROLLED NAME
Name Casagrande, Sara
Relationship edt
720 1# - ADDED ENTRY--UNCONTROLLED NAME
Name Casagrande, Sara
Relationship oth
720 1# - ADDED ENTRY--UNCONTROLLED NAME
Name Dallago, Bruno
Relationship oth
793 0# -
-- DOAB Library.
856 40 - ELECTRONIC LOCATION AND ACCESS
Uniform Resource Identifier <a href="https://directory.doabooks.org/handle/20.500.12854/94696">https://directory.doabooks.org/handle/20.500.12854/94696</a>
Access status 0
Public note Free-to-read: DOAB: description of the publication

No items available.

Powered by Koha